[Event "BCF-chT4 2223 (4NCL)"]
[Site "England"]
[Date "2023.02.05"]
[Round "6.115"]
[White "Samarakoon, Vivash Ransara"]
[Black "Woods, Timothy J"]
[Result "1-0"]
[WhiteElo "1435"]
[BlackElo "1689"]
[PlyCount "83"]
[EventDate "2022.11.05"]
[EventType "team-swiss"]
[EventRounds "11"]
[EventCountry "ENG"]
[SourceTitle "EXT 2024"]
[Source "ChessBase"]
[SourceDate "2023.10.10"]
[SourceVersion "1"]
[SourceVersionDate "2023.10.10"]
[SourceQuality "1"]
[WhiteTeam "Anglian Avengers II"]
[BlackTeam "Sussex Martlets III"]
[WhiteTeamCountry "ENG"]
[BlackTeamCountry "ENG"]

1. e4 d6 2. d4 Nf6 3. Bd3 g6 4. c3 Bg7 5. Ne2 e5 6. f3 Nbd7 7. Be3 c6 8. Nd2 0-0 9. 0-0 d5 10. Kh1 Re8 11. Rb1 Qc7 12. Bg1 c5 13. Rc1 exd4 14. cxd4 c4 15. exd5 cxd3 16. Rxc7 dxe2 17. Qb3 exf1Q 18. Nxf1 Nb6 19. Ne3 Bh6 20. Nc4 Nbxd5 21. Nd6 Rf8 22. Rc2 b6 23. Nxc8 Raxc8 24. g3 Rfd8 25. f4 Bf8 26. a3 Bd6 27. Kg2 Rxc2+ 28. Qxc2 Bf8 29. Kf3 Rd7 30. Bf2 Rc7 31. Qd2 h5 32. h3 Bd6 33. f5 Kg7 34. h4 Re7 35. fxg6 fxg6 36. Qg5 Ne4 37. Qxd5 Nxf2 38. Kxf2 Rf7+ 39. Kg2 Bf8 40. Qe5+ Kh7 41. d5 Bg7 42. Qe6 1-0